Score 0/32 Timer 06:00
0 Plays Today
% Correct
One Red Apple
84.3%
One Red Apple
84.3%
Five Whole Oranges
69.4%
Five Whole Oranges
69.4%
Five Whole Oranges
69.4%
Five Whole Oranges
69.4%
Five Whole Oranges
69.4%
Five Whole Oranges
69.4%
One Single Leaf
63.1%
Two Green Pears
61.6%
Two Green Pears
61.6%
Four Red Strawberries
61%
Four Red Strawberries
61%
Four Red Strawberries
61%
Four Red Strawberries
61%
Three Purple Plums
50.8%
% Correct
Three Purple Plums
50.8%
Three Purple Plums
50.8%
One Piece of Chocolate Cake
50.1%
One Slice of Watermelon
45.7%
One Slice of Watermelon
45.7%
One Slice of Swiss Cheese
40.9%
One Ice Cream Cone
38.1%
One Lollipop
35.3%
One Lollipop
35.3%
One Piece of Cherry Pie
34.3%
One Piece of Cherry Pie
34.3%
One Sausage
33.5%
One Sausage
33.5%
One Slice of Salami
29.4%
One Cupcake
28.7%
One Pickle
28%
Remove Ads.
Support Sporcle.
Get the best of Sporcle when you Go Orange. This ad-free experience offers more features, more stats, and more fun while also helping to support Sporcle. Thank you for becoming a member.

You're not logged in!

Compare scores with friends on all Sporcle quizzes.
OR
Log In

Sporcle TV

Today on Sporcle TV


Watch our educational content, quiz creation guides, and fun videos on Sporcle TV.

Show Comments

Extras

Top Quizzes Today


Score Distribution

Paid Content

Your Account Isn't Verified!

In order to create a playlist on Sporcle, you need to verify the email address you used during registration. Go to your Sporcle Settings to finish the process.

Report this User

Report this user for behavior that violates our Community Guidelines.

Details: